000 00396nam a22001697a 4500
005 20160521130211.0
008 160521b xxu||||| |||| 00| 0 eng d
020 _a81-7014/828-6
041 _aeng
082 _b3812
100 _aV.K. Kapoor
_9967
245 _aOperations Research
260 _aNew Delhi
_bSultan Chand & Sons,
300 _a1026
650 _aManagement
_9241
942 _cBK
999 _c1318
_d1318